|
|
|
|
| LEADER |
00000nam0a2200000 4500 |
| 001 |
118122 |
| 005 |
20231101215441.0 |
| 010 |
|
|
|a 7200047155
|
| 035 |
|
|
|a (RuTPU)RU\TPU\book\127839
|
| 035 |
|
|
|a RU\TPU\book\127838
|
| 090 |
|
|
|a 118122
|
| 100 |
|
|
|a 20070608d2003 km y0rusy50 ca
|
| 101 |
0 |
|
|a chi
|
| 102 |
|
|
|a CN
|
| 105 |
|
|
|a a z 000zy
|
| 200 |
1 |
|
|a Наслаждение местом
|f Фу Геншен
|
| 210 |
|
|
|a Пекин
|c Изд-во Пекин
|d 2003
|
| 215 |
|
|
|a 249 с.
|
| 225 |
1 |
|
|a Все о маленьких книгах
|
| 300 |
|
|
|a Книга на китайском языке.
|
| 606 |
1 |
|
|a Буддизм
|2 stltpush
|3 (RuTPU)RU\TPU\subj\30184
|9 53325
|
| 610 |
1 |
|
|a религия
|
| 610 |
1 |
|
|a буддийская философия
|
| 610 |
1 |
|
|a буддийские монахи
|
| 610 |
1 |
|
|a Будда
|
| 610 |
1 |
|
|a законы
|
| 610 |
1 |
|
|a Китай
|
| 610 |
1 |
|
|a история
|
| 610 |
1 |
|
|a теория
|
| 686 |
|
|
|a Э35
|v LBC/SL-A
|2 rubbk
|
| 700 |
|
0 |
|a Фу Геншен
|
| 801 |
|
1 |
|a RU
|b 63413507
|c 20070608
|g PSBO
|
| 801 |
|
2 |
|a RU
|b 63413507
|c 20220603
|g PSBO
|
| 942 |
|
|
|c BK
|